Australia Country Quiz - Statistics

General Stats
  • This quiz has been taken 17 times
    6 since last reset
  • The average score is 8 of 12
Answer Stats
Hint Answer % Correct
Number of States 6
83%
Capital Canberra
83%
Main Religion Christianity
83%
Main Language English
83%
Former Part of United Kingdom
83%
Global Firepower Rating (out of 145) 18
67%
Currency AUD
67%
Main Ally New Zealand
67%
Independent Since 1901
50%
Current Leader Anthony Albanese
50%
Main Export Iron
50%
Form of Government Parliamentary Democracy
0%
No matching quizzes found
Score Distribution
Percent of People with Each Score
Percentile by Number Answered
Your Score History
You have not taken this quiz since the last reset